000
00190 a2200097 4500
001
7850
100
_a
Travis, W
245
_a
Beyond the reefs
260
_a
_b
Allen
_c
090
_c
6299
_d
6299
942
_a
NUST-CAE
_c
M
_c
32821
999
_c
242923
_d
242923